Les plus grandes villes sur la Dordogne - Statistiques

Statistiques générales
  • Ce quiz a été pris 152 fois
  • Le résultat moyen est 3 sur 11
Statistiques - réponses
Population (2017) Ville sur la Dordogne % Correct
27,800 Bergerac
97%
24,600 Libourne
54%
3,400 Souillac
19%
3,000 Castillon-la-Bataille
17%
10,400 Saint-André-de-Cubzac
16%
3,100 Argentat-sur-Dordogne
15%
3,200 Ambès
13%
5,500 Izon
8%
3,700 Vayres
8%
8,800 Saint-Loubès
7%
4,500 Saint-Sulpice-et-Cameyrac
4%
Aucun quiz correspondant
Distribution des résultats
% des personnes avec chaque résultat
Percentile par nombre de réponses
Votre historique - résultats
Vous n’avez pas pris ce quiz